Представление документа в формате RUSMARC

Поле Инд. ПП Название Значение
Тип записи a
Библиографический уровень a
001 Контрольный номер 952a51583b714644a64f7d5255833731
005 Дата корректировки 20190321102925.2
100 a Данные общей обработки 20190321 ||| 0rusy0189 ca
101 0_ a Язык текста rus
102 a Страна публикации RU
200 1_ f Первые сведения об ответственности С.Р. Крюков
a Заглавие Виды тайн по законодательству Российской Федерации
b Общее обозначение материала Текст
210 1_ d Дата издания 2019
461 _0 1 2000
a Государственная власть и местное самоуправление
463 _0 1 2000
a № 2
v С. 46-50
1 2101
d 2019
1 0013bb5c7a67af744989a6656cacc4cc491
606 a Основная рубрика Информационное право
610 0_ a Ключевые слова ТАЙНА
a Ключевые слова БЕЗОПАСНОСТЬ ИНФОРМАЦИОННАЯ
700 _1 a Фамилия Крюков
b Имя С.Р.
801 _0 a Страна RU
b Организация РГУП
c Дата составления 20190321
g Правила каталогизации PSBO
801 _1 a Страна RU
b Организация РГУП
c Дата составления 20190321
g Правила каталогизации PSBO
901 t Тип документа b
w Контрольный № источника 3bb5c7a67af744989a6656cacc4cc491
905 a Дата ввода 20190321